000 00332nam a22001457a 4500
008 221205b ||||| |||| 00| 0 eng d
020 _a9781429295246
041 _aeng
080 _2SECOND EDITION
_a91
082 _a91LAR
100 _a19.2
101 _aGJEO
245 _aDISCOVERING STATISTICS
_cLAROSE T D
942 _2udc
_cBK
999 _c59098
_d59098